000 00296nam a22001457a 4500
008 210518b ||||| |||| 00| 0 eng d
020 _a2901457650504
041 _aeng
080 _a82
082 _a82
100 _a21
101 _aGJL
245 _aLiterature
_cMeyer,M
942 _2udc
_cBK
999 _c57415
_d57415